Théorie des changes étrangers / (Record no. 154681)

MARC details
000 -LEADER
campo de control de longitud fija 00757nam a2200193 i 4500
001 - NÚMERO DE CONTROL
campo de control 154681
003 - IDENTIFICADOR DE NÚMERO DE CONTROL
campo de control ES-MaACL
005 - FECHA Y HORA DE LA ÚLTIMA TRANSACCIÓN
campo de control 20230906205821.0
008 - DATOS DE LONGITUD FIJA--INFORMACIÓN GENERAL
campo de control de longitud fija 040715q18691875fr |||| | fre d
040 ## - FUENTE DE CATALOGACIÓN
Centro catalogador/agencia de origen CAM
Lengua de catalogación spa
Centro/agencia transcriptor CAM
100 1# - ENTRADA PRINCIPAL--NOMBRE DE PERSONA
Nombre de persona Goschen, George Joachin.
9 (RLIN) 127487
245 10 - MENCIÓN DEL TÍTULO
Título Théorie des changes étrangers /
Mención de responsabilidad, etc. par George J. Goschen ; traduit et précédé d'una introduction par Léon Say.
260 ## - PUBLICACIÓN, DISTRIBUCIÓN, ETC.
Lugar de publicación, distribución, etc. Paris :
Nombre del editor, distribuidor, etc. Guillaumin et C., éditeurs,
Fecha de publicación, distribución, etc. [s.a.] (
Fabricante Typ. A. Parent)
300 ## - DESCRIPCIÓN FÍSICA
Extensión XXXIX, 151 p. ;
Dimensiones 23 cm.
596 ## - NOTA AL PIE DE IMPRENTA
NOTA AL PIE DE IMPRENTA La 2ª ed. es de 1875. El ed. y el imp. ejercen ca. 1869-1875.
650 04 - PUNTO DE ACCESO ADICIONAL DE MATERIA--TÉRMINO DE MATERIA
Término de materia o nombre geográfico como elemento de entrada Cambio extranjero.
9 (RLIN) 135713
700 0# - ENTRADA AGREGADA--NOMBRE PERSONAL
Nombre de persona Say, Léon.
9 (RLIN) 104098
852 ## - LOCALIZACIÓN
Ubicación ES-MaACL
Número de control de estantería T-1284-F-11
Nota libre -- Enc. hol., conservando la cub. original
Holdings
Estatus retirado Estado de pérdida Estado de daño No para préstamo Colección Biblioteca de origen Biblioteca actual Ubicación en estantería Fecha de adquisición Total de préstamos Signatura topográfica completa Código de barras Visto por última vez Precio de reemplazo Tipo de ítem Koha
        Colección de folletos Biblioteca del Ateneo de Madrid Biblioteca del Ateneo de Madrid Depósito folletos 17/01/2008   T-1284-F-11 1161785 23/02/2023 23/02/2023 Folleto